000 00444nam a22001817a 4500
999 _c12850
_d12850
008 251222b 2026 ||||| |||| 00| 0 eng d
020 _a9789360748487
082 _a 536.2
_bKOT
100 _aKothandaraman,c p
245 _aHeat and mass transfer data book
250 _a11th ed.
260 _aLondon
_bNew age
_c2026
300 _ax,211p.
650 _aProperty values
650 _aConvection
650 _aRadiation
942 _cBK